00342nam a2200097Ia 4500008004100000082001500041100002300056245005700079260003000136650007800166211119s9999||||xx |||||||||||||| ||und|| a920bKRI-K aKrishnan Nair, C P 0aKrishnaleela:Captain c p Krishnan Nairude Athmakadha bD c Booksa2011cKottayam aHistory&geographyvBiography, genealogy & insigmaEconomicsxGeneral Stack